000 00197nam a2200085Ia 4500
008 120527s9999 xx 000 0 und d
100 _aBanley & Kennedy
245 _aThe American Pageant
942 _cBK
999 _c27661
_d27661